| 000 | 01189nam a22002177a 4500 | ||
|---|---|---|---|
| 999 |
_c60644 _d60644 |
||
| 003 | Ge_BSU | ||
| 005 | 20230928110202.0 | ||
| 008 | 230928s2021 ge ||||| |||| 00| 0 geo d | ||
| 020 | _a9789941976773 | ||
| 041 | _ageo | ||
| 080 | _a004.7:070 ჭ-55 | ||
| 100 |
_aჭიჭინაძე, რევაზ _919940 |
||
| 245 |
_aახალი მედიუმი : _bციფრული მედია და მედიაარტის ძირითადი სახეები : (დამხმარე სახელმძღვანელო) / _cრევაზ ჭიჭინაძე ; ყდის დიზაინი გუგა კერესელიძე. |
||
| 264 |
_aთბილისი : _bკენტავრი, _c2021. |
||
| 300 |
_a126 გვ. : _b ილ. ; _c19 სმ. |
||
| 504 | _aბიბლიოგრაფია: გვ. 119-124 და ტექსტის შენიშვნებში. | ||
| 653 | _aციფრული მედია | ||
| 653 | _aჟურნალისტიკა | ||
| 700 |
_aკერესელიძე, გუგა _e ყდის დიზაინერი. _919941 |
||
| 942 |
_2udc _cBK |
||